[Event "CZE-chT2B 2223"]
[Site "Czech Republic"]
[Date "2023.03.26"]
[Round "11.3"]
[White "Sochor, Jiri"]
[Black "Chaloupka, Vladimir"]
[Result "0-1"]
[WhiteElo "2143"]
[BlackElo "2049"]
[PlyCount "86"]
[EventDate "2022.10.16"]
[EventType "team-tourn"]
[EventRounds "11"]
[EventCountry "CZE"]
[SourceTitle "EXT 2024"]
[Source "ChessBase"]
[SourceDate "2023.10.10"]
[SourceVersion "1"]
[SourceVersionDate "2023.10.10"]
[SourceQuality "1"]
[WhiteTeam "Decin"]
[BlackTeam "Litomerice III"]
[WhiteTeamCountry "CZE"]
[BlackTeamCountry "CZE"]

1. e4 c5 2. Nf3 e6 3. d4 cxd4 4. c3 dxc3 5. Nxc3 a6 6. Bc4 b5 7. Bb3 Bb7 8. Qe2 Bb4 9. 0-0 Bxc3 10. bxc3 Ne7 11. Ba3 0-0 12. Rfd1 Re8 13. Bd6 Ng6 14. g3 Bc6 15. h4 h6 16. Nd4 Qb6 17. h5 Nf8 18. Qg4 Qd8 19. Nxc6 Nxc6 20. f4 Qb6+ 21. Kg2 Qe3 22. Qf3 Qxf3+ 23. Kxf3 Ra7 24. Rd3 Rc8 25. e5 Na5 26. g4 Nc4 27. Bxc4 Rxc4 28. Rb1 Ra8 29. Rb4 Rac8 30. Rxc4 Rxc4 31. Bb4 Rc7 32. Rd6 Rc6 33. Rd1 f6 34. Ra1 Nh7 35. a4 bxa4 36. Rxa4 fxe5 37. fxe5 Ng5+ 38. Ke3 Nf7 39. Kd4 Rb6 40. Ra5 Nd8 41. Rc5 Nc6+ 42. Kc4 Kf7 43. Ba3 Rb1 0-1

[Event "CZE-chT2B 2223"]
[Site "Czech Republic"]
[Date "2023.03.05"]
[Round "10.3"]
[White "Chaloupka, Vladimir"]
[Black "Lhotsky, Frantisek"]
[Result "0-1"]
[WhiteElo "2049"]
[BlackElo "1979"]
[PlyCount "94"]
[EventDate "2022.10.16"]
[EventType "team-tourn"]
[EventRounds "11"]
[EventCountry "CZE"]
[SourceTitle "EXT 2024"]
[Source "ChessBase"]
[SourceDate "2023.10.10"]
[SourceVersion "1"]
[SourceVersionDate "2023.10.10"]
[SourceQuality "1"]
[WhiteTeam "Litomerice III"]
[BlackTeam "Kladno"]
[WhiteTeamCountry "CZE"]
[BlackTeamCountry "CZE"]

1. d4 d5 2. c4 c6 3. Nc3 Nf6 4. Nf3 e6 5. Bg5 dxc4 6. e4 b5 7. e5 h6 8. Bh4 g5 9. Nxg5 hxg5 10. Bxg5 Nbd7 11. exf6 Bb7 12. g3 Qb6 13. Bg2 0-0-0 14. 0-0 c5 15. d5 b4 16. Rb1 Qa6 17. Na4 Bxd5 18. Bxd5 exd5 19. b3 Ne5 20. Re1 Nd3 21. Qg4+ Kb8 22. Re3 Bd6 23. Qf5 Qc6 24. Qf3 Rhe8 25. Rxe8 Rxe8 26. bxc4 Ne5 27. Qg2 Qxa4 28. Qxd5 Qc6 29. Qxc6 Nxc6 30. Rd1 Kc7 31. Kf1 Ne5 32. Rc1 Nf3 33. h4 Re4 34. Be3 Kc6 35. h5 Nh2+ 36. Kg2 Ng4 37. Kf3 Nxf6 38. h6 Re6 39. Rh1 Nh7 40. Rh5 a5 41. Ke2 a4 42. Kd3 Be5 43. Kc2 f6 44. Bd2 Bd4 45. f3 Re2 46. Kd3 Rf2 47. f4 b3 0-1

[Event "CZE-chT2B 2223"]
[Site "Czech Republic"]
[Date "2023.02.05"]
[Round "8.3"]
[White "Chaloupka, Vladimir"]
[Black "Mukashev, Assan"]
[Result "1/2-1/2"]
[WhiteElo "2049"]
[BlackElo "2221"]
[PlyCount "126"]
[EventDate "2022.10.16"]
[EventType "team-tourn"]
[EventRounds "11"]
[EventCountry "CZE"]
[SourceTitle "EXT 2024"]
[Source "ChessBase"]
[SourceDate "2023.10.10"]
[SourceVersion "1"]
[SourceVersionDate "2023.10.10"]
[SourceQuality "1"]
[WhiteTeam "Litomerice III"]
[BlackTeam "Aurora"]
[WhiteTeamCountry "CZE"]
[BlackTeamCountry "CZE"]

1. d4 d6 2. e4 e5 3. dxe5 dxe5 4. Qxd8+ Kxd8 5. Be3 c6 6. Bc4 f6 7. Nc3 Bb4 8. 0-0-0+ Ke7 9. Nge2 Nd7 10. a3 Bd6 11. Ng3 g6 12. Rd2 Bc7 13. Rhd1 Bb6 14. Nf1 h5 15. b4 Nh6 16. h3 Rh7 17. Bb3 Nf7 18. Kb2 Bc7 19. Na4 Ng5 20. f3 Ne6 21. c4 Ke8 22. c5 Ndf8 23. Rd3 Rd7 24. Rxd7 Bxd7 25. Nd2 Ke7 26. Nc4 Rd8 27. Nc3 Nf4 28. Bxf4 exf4 29. Nd6 b6 30. Ne2 Ne6 31. Kc2 bxc5 32. Nb7 Rb8 33. Bxe6 Bxe6 34. Nxc5 Be5 35. Nd4 Bxd4 36. Rxd4 Bc8 37. Kc3 g5 38. Rd1 Ra8 39. a4 a5 40. b5 cxb5 41. axb5 Rb8 42. Kc4 g4 43. hxg4 hxg4 44. Ra1 f5 45. exf5 Bxf5 46. Rxa5 gxf3 47. gxf3 Bc2 48. Kd4 Bd1 49. Ke4 Be2 50. Nd3 Kf8 51. Nxf4 Bxb5 52. Ne6+ Kf7 53. Nd4 Bc4 54. Nc6 Re8+ 55. Ne5+ Kf6 56. f4 Bb3 57. Rc5 Ba2 58. Rc6+ Re6 59. Rc5 Bb1+ 60. Kf3 Ra6 61. Ng4+ Kg7 62. Rc7+ Kg6 63. Ne5+ Kf5 1/2-1/2

[Event "CZE-chT2B 1920"]
[Site "Czech Republic"]
[Date "2019.11.17"]
[Round "3.7"]
[White "Havranek, Tomas"]
[Black "Chaloupka, Vladimir"]
[Result "1-0"]
[WhiteElo "2023"]
[BlackElo "2063"]
[PlyCount "71"]
[EventDate "2019.10.13"]
[EventType "team-tourn"]
[EventRounds "11"]
[EventCountry "CZE"]
[SourceTitle "EXT 2024"]
[Source "ChessBase"]
[SourceDate "2023.10.10"]
[SourceVersion "1"]
[SourceVersionDate "2023.10.10"]
[SourceQuality "1"]
[WhiteTeam "Decin"]
[BlackTeam "Litomerice"]
[WhiteTeamCountry "CZE"]
[BlackTeamCountry "CZE"]

1. e4 c5 2. Nf3 e6 3. c3 Nf6 4. e5 Nd5 5. d4 cxd4 6. cxd4 Nc6 7. a3 d6 8. exd6 Bxd6 9. Nc3 Nxc3 10. bxc3 b6 11. Bd3 Bb7 12. 0-0 Be7 13. Re1 0-0 14. Qc2 g6 15. Bh6 Re8 16. Re3 Bf6 17. h4 Bxh4 18. Nxh4 Qxh4 19. Rh3 Qf6 20. Qd2 e5 21. d5 Ne7 22. Bg5 Qg7 23. d6 Nc6 24. d7 Red8 25. Bxd8 Rxd8 26. Be4 h5 27. Rd1 Na5 28. Qg5 f6 29. Qxg6 Qxg6 30. Bxg6 Nc4 31. Bf5 Nxa3 32. Rd6 Kg7 33. Rxh5 Nb5 34. Rh7+ Kg8 35. Rxf6 Nxc3 36. Re7 1-0

[Event "CZE-chT2B 1819"]
[Site "Czech Republic"]
[Date "2019.02.24"]
[Round "9.5"]
[White "Chaloupka, Vladimir"]
[Black "Haman, Jakub"]
[Result "1-0"]
[WhiteElo "2064"]
[BlackElo "2222"]
[PlyCount "63"]
[EventDate "2018.10.14"]
[EventType "team-tourn"]
[EventRounds "11"]
[EventCountry "CZE"]
[SourceTitle "EXT 2022"]
[Source "ChessBase"]
[SourceDate "2021.10.06"]
[SourceVersion "1"]
[SourceVersionDate "2021.10.06"]
[SourceQuality "1"]
[WhiteTeam "Litomerice"]
[BlackTeam "Kladno"]
[WhiteTeamCountry "CZE"]
[BlackTeamCountry "CZE"]

1. d4 d5 2. c4 dxc4 3. Nc3 a6 4. a4 Nc6 5. Nf3 Bg4 6. e3 e5 7. Bxc4 exd4 8. exd4 Nf6 9. 0-0 Be7 10. Be3 0-0 11. Qd2 Bxf3 12. gxf3 Qd7 13. Kg2 Rad8 14. Rad1 Qf5 15. Bd3 Qh5 16. Ne2 Bb4 17. Qc1 Rd6 18. Ng3 Qa5 19. Rg1 Re8 20. Nf5 Rd5 21. Qc2 Ne7 22. Ng3 Ng6 23. Be4 Bd6 24. Kf1 Bf4 25. Bxg6 Bxe3 26. Be4 Bxd4 27. Bxd5 Qxd5 28. Nf5 c5 29. Nxg7 Re5 30. Nh5+ Kf8 31. Nxf6 Qxf3 32. Nd7+ 1-0

[Event "CZE-chT2B 1819"]
[Site "Czech Republic"]
[Date "2018.12.02"]
[Round "4.6"]
[White "Chaloupka, Vladimir"]
[Black "Fedorov, Evgueny"]
[Result "1-0"]
[WhiteElo "2064"]
[BlackElo "2239"]
[PlyCount "69"]
[EventDate "2018.10.14"]
[EventType "team-tourn"]
[EventRounds "11"]
[EventCountry "CZE"]
[SourceTitle "EXT 2022"]
[Source "ChessBase"]
[SourceDate "2021.10.06"]
[SourceVersion "1"]
[SourceVersionDate "2021.10.06"]
[SourceQuality "1"]
[WhiteTeam "Litomerice"]
[BlackTeam "Praha Dopravni podnik II"]
[WhiteTeamCountry "CZE"]
[BlackTeamCountry "CZE"]

1. d4 Nf6 2. c4 e6 3. Nc3 Bb4 4. Qc2 0-0 5. a3 Bxc3+ 6. Qxc3 d5 7. f3 b6 8. e3 Bb7 9. Bd3 Nbd7 10. Ne2 c5 11. b3 Rc8 12. Qd2 cxd4 13. exd4 Ba6 14. cxd5 Bxd3 15. Qxd3 Nxd5 16. 0-0 Qc7 17. Bg5 Qc2 18. Qb5 Nb8 19. Rac1 Qg6 20. Rxc8 Rxc8 21. Rc1 Rxc1+ 22. Bxc1 f6 23. Bf4 Nxf4 24. Nxf4 Qb1+ 25. Kf2 Qc2+ 26. Kg3 Kf7 27. Qh5+ Ke7 28. Qg4 Qxb3 29. Qxg7+ Kd6 30. Qxf6 Nd7 31. Qh6 b5 32. d5 Nc5 33. Qf8+ Ke5 34. Qxc5 exd5 35. Qe7+ 1-0

[Event "CZE-chT2B 1819"]
[Site "Czech Republic"]
[Date "2018.11.18"]
[Round "3.6"]
[White "Chaloupka, Vladimir"]
[Black "Mestl, Martin"]
[Result "1-0"]
[WhiteElo "2064"]
[BlackElo "1942"]
[PlyCount "103"]
[EventDate "2018.10.14"]
[EventType "team-tourn"]
[EventRounds "11"]
[EventCountry "CZE"]
[SourceTitle "EXT 2022"]
[Source "ChessBase"]
[SourceDate "2021.10.06"]
[SourceVersion "1"]
[SourceVersionDate "2021.10.06"]
[SourceQuality "1"]
[WhiteTeam "Litomerice"]
[BlackTeam "Karlovy Vary Tietz II"]
[WhiteTeamCountry "CZE"]
[BlackTeamCountry "CZE"]

1. d4 Nf6 2. c4 e6 3. Nc3 d5 4. Bg5 Be7 5. e3 c6 6. Qc2 Nbd7 7. Nf3 0-0 8. cxd5 Nxd5 9. Bxe7 Qxe7 10. a3 e5 11. Nxd5 cxd5 12. dxe5 Nxe5 13. Nd4 Be6 14. Bd3 Rac8 15. Qb3 Qg5 16. Kf1 Rc5 17. h4 Qf6 18. Be2 Rfc8 19. Rd1 Rc1 20. g3 Ng4 21. Bxg4 Bxg4 22. Rxc1 Rxc1+ 23. Kg2 Rxh1 24. Kxh1 Qxf2 25. Qxd5 g6 26. Qe5 h5 27. b3 Bf3+ 28. Nxf3 Qxf3+ 29. Kh2 Qe2+ 30. Kh3 Qg4+ 31. Kg2 Qe2+ 32. Kh3 b6 33. a4 Qd1 34. Qe8+ Kg7 35. Qe5+ Kh7 36. Qe4 Qxb3 37. Kg2 a6 38. Kf3 b5 39. axb5 axb5 40. Qe8 Qc4 41. Kf2 b4 42. Qa4 Qc3 43. Qa5 Qc2+ 44. Kg1 b3 45. Qd5 Qc1+ 46. Kg2 Qb2+ 47. Kg1 Kg7 48. g4 Qc3 49. gxh5 Qxe3+ 50. Kg2 Qe6 51. Qd4+ Qf6 52. h6+ 1-0

[Event "CZE-chT2B 1718"]
[Site "Czech Republic"]
[Date "2018.04.08"]
[Round "11.5"]
[White "Chaloupka, Vladimir"]
[Black "Vltavsky, Vladimir"]
[Result "0-1"]
[WhiteElo "2075"]
[BlackElo "2173"]
[PlyCount "198"]
[EventDate "2017.10.15"]
[EventType "team-tourn"]
[EventRounds "11"]
[EventCountry "CZE"]
[SourceTitle "EXT 2022"]
[Source "ChessBase"]
[SourceDate "2021.10.06"]
[SourceVersion "1"]
[SourceVersionDate "2021.10.06"]
[SourceQuality "1"]
[WhiteTeam "Litomerice"]
[BlackTeam "Turnov Zikuda II"]
[WhiteTeamCountry "CZE"]
[BlackTeamCountry "CZE"]

1. d4 Nf6 2. c4 e6 3. Nf3 b6 4. e3 Bb7 5. Bd3 Bb4+ 6. Bd2 a5 7. a3 Be7 8. Nc3 d5 9. cxd5 exd5 10. 0-0 0-0 11. Qc2 Nbd7 12. Bf5 g6 13. Bh3 Ne4 14. Rfd1 Nxd2 15. Rxd2 f5 16. g3 c6 17. Bg2 Bd6 18. Qb3 Qe7 19. Re1 Kh8 20. h4 b5 21. Ne2 a4 22. Qc2 Nf6 23. Ra1 Ne4 24. Rdd1 Rg8 25. Nf4 Raf8 26. Nd3 Rf6 27. Rac1 Bb8 28. Nfe5 g5 29. h5 Qe8 30. Qe2 g4 31. Bxe4 fxe4 32. Nf4 Bxe5 33. dxe5 Qxe5 34. Qd2 Rgf8 35. Kg2 Kg8 36. Rh1 Rd6 37. Rc5 Qf6 38. Rd1 Rfd8 39. Qe2 Bc8 40. Rd4 Kf7 41. Qd2 Be6 42. Rc1 Kg7 43. Qe2 Bf5 44. Rc5 Rb8 45. Qc2 Bd7 46. Qd2 Be8 47. Rc1 Bf7 48. Qb4 Rdd8 49. Qd2 Rbc8 50. Rc5 Kh6 51. Qe2 Rg8 52. Qc2 Rgd8 53. Qe2 Qf5 54. Rd1 Rd6 55. Qc2 Be8 56. Qe2 Rcd8 57. Rdc1 Rb8 58. Qd2 Rb7 59. Qb4 Qf6 60. Rd1 Rg7 61. Rcc1 Rg5 62. Qd2 Re6 63. Qe2 Ree5 64. Rh1 Qe7 65. Qd2 c5 66. Qa5 c4 67. Qb6+ Kg7 68. Qd4 Kg8 69. h6 Ref5 70. Rc2 Bc6 71. Rh4 Rf6 72. Qd1 Qd7 73. Qd4 Rf7 74. Rc1 Rff5 75. Qd1 d4 76. Rxg4 d3 77. Rxg5+ Rxg5 78. Qd2 Qg4 79. Qa5 Qd7 80. Rd1 Rf5 81. Qb6 Rf6 82. Qb8+ Qe8 83. Qa7 Rxh6 84. Qc5 Qf8 85. Qg5+ Kf7 86. Qf5+ Ke7 87. Qc5+ Ke8 88. Qe5+ Kd7 89. Qd4+ Kc8 90. Qe5 Kb7 91. Rd2 Qf6 92. Qc5 Qd6 93. Qg5 Qf6 94. Qc5 Qf7 95. Qe5 Rf6 96. Rd1 h5 97. Qg5 Rf5 98. Qd8 Qd7 99. Qh8 Rxf4 0-1

[Event "CZE-chT2B 1718"]
[Site "Czech Republic"]
[Date "2018.03.18"]
[Round "10.6"]
[White "Chaloupka, Vladimir"]
[Black "Zahorbensky, Jaroslav"]
[Result "0-1"]
[WhiteElo "2075"]
[BlackElo "2062"]
[PlyCount "108"]
[EventDate "2017.10.15"]
[EventType "team-tourn"]
[EventRounds "11"]
[EventCountry "CZE"]
[SourceTitle "EXT 2022"]
[Source "ChessBase"]
[SourceDate "2021.10.06"]
[SourceVersion "1"]
[SourceVersionDate "2021.10.06"]
[SourceQuality "1"]
[WhiteTeam "Litomerice"]
[BlackTeam "Bakov nad Jizerou"]
[WhiteTeamCountry "CZE"]
[BlackTeamCountry "CZE"]

1. d4 d6 2. e4 Nf6 3. Nc3 c6 4. Nf3 Bg4 5. h3 Bh5 6. Be3 Qa5 7. Bd3 Nbd7 8. 0-0 e5 9. Be2 Be7 10. Nd2 Bxe2 11. Qxe2 0-0 12. Rad1 Rfe8 13. Nc4 Qc7 14. dxe5 dxe5 15. a3 b5 16. Nd2 a5 17. Ra1 Nc5 18. b3 Ne6 19. Nf3 Rad8 20. Bc1 Nd4 21. Nxd4 exd4 22. Nd1 Qe5 23. Nb2 Bd6 24. g3 Nxe4 25. Qf3 Re6 26. Nd3 Qd5 27. Bf4 Nc3 28. Qxd5 Nxd5 29. Bxd6 Rdxd6 30. Rfe1 Kf8 31. Nc5 Rxe1+ 32. Rxe1 Rd8 33. Nb7 Ra8 34. Rd1 Nc3 35. Rd3 Ra7 36. Nc5 Ke7 37. Kg2 Kd6 38. b4 Kd5 39. Nb3 axb4 40. Rxd4+ Ke5 41. axb4 Ra2 42. f4+ Ke6 43. Rd2 Nd5 44. Nd4+ Kd6 45. Nf5+ Kc7 46. Kf3 g6 47. Nd4 Nxb4 48. f5 Kb6 49. Kf4 c5 50. Nb3 Rxc2 51. Rd6+ Kc7 52. fxg6 hxg6 53. Rd1 Rc3 54. Nc1 Rxc1 0-1

[Event "CZE-chT2B 1718"]
[Site "Czech Republic"]
[Date "2018.02.25"]
[Round "9.6"]
[White "Lochman, Vaclav"]
[Black "Chaloupka, Vladimir"]
[Result "0-1"]
[WhiteElo "1983"]
[BlackElo "2075"]
[PlyCount "90"]
[EventDate "2017.10.15"]
[EventType "team-tourn"]
[EventRounds "11"]
[EventCountry "CZE"]
[SourceTitle "EXT 2022"]
[Source "ChessBase"]
[SourceDate "2021.10.06"]
[SourceVersion "1"]
[SourceVersionDate "2021.10.06"]
[SourceQuality "1"]
[WhiteTeam "Mlada Boleslav"]
[BlackTeam "Litomerice"]
[WhiteTeamCountry "CZE"]
[BlackTeamCountry "CZE"]

1. e4 c6 2. d4 d5 3. Nd2 dxe4 4. Nxe4 Bf5 5. Ng3 Bg6 6. Nf3 Nd7 7. h4 h6 8. h5 Bh7 9. Bd3 Bxd3 10. Qxd3 Ngf6 11. Bd2 e6 12. 0-0-0 Be7 13. Kb1 0-0 14. Qe2 b5 15. Ne5 Nxe5 16. dxe5 Nd5 17. Ne4 Qc7 18. f4 f5 19. exf6 Bxf6 20. Nc5 Rfe8 21. Nxe6 Qf7 22. f5 a5 23. Qf3 Rec8 24. g4 Re8 25. Rde1 a4 26. g5 Bxg5 27. Bxg5 hxg5 28. h6 g6 29. Rhg1 Qf6 30. h7+ Kh8 31. a3 gxf5 32. Nc5 g4 33. Qg3 b4 34. Nd7 Qg7 35. Qd6 bxa3 36. Qxa3 Qxd7 37. c4 Rxe1+ 38. Rxe1 Nf6 39. Qc3 Rf8 40. Qe5 Kxh7 41. Qf4 Kg6 42. Rh1 Nh5 43. Qh2 Rh8 44. Qe5 Rh7 45. Re1 Nf6 0-1

[Event "CZE-chT2B 1718"]
[Site "Czech Republic"]
[Date "2017.12.17"]
[Round "5.6"]
[White "Chaloupka, Vladimir"]
[Black "Kabelka, Ondrej"]
[Result "1-0"]
[WhiteElo "2075"]
[BlackElo "2012"]
[PlyCount "81"]
[EventDate "2017.10.15"]
[EventType "team-tourn"]
[EventRounds "11"]
[EventCountry "CZE"]
[SourceTitle "EXT 2022"]
[Source "ChessBase"]
[SourceDate "2021.10.06"]
[SourceVersion "1"]
[SourceVersionDate "2021.10.06"]
[SourceQuality "1"]
[WhiteTeam "Litomerice"]
[BlackTeam "Jicin"]
[WhiteTeamCountry "CZE"]
[BlackTeamCountry "CZE"]

1. d4 Nf6 2. c4 c5 3. d5 e6 4. Nc3 exd5 5. cxd5 d6 6. e4 g6 7. Bg5 Nbd7 8. Nf3 a6 9. a4 Bg7 10. Be2 0-0 11. 0-0 Re8 12. Nd2 Qc7 13. f4 b6 14. Bf3 Rb8 15. Be2 c4 16. Bxc4 Nc5 17. Qc2 Ng4 18. Nd1 b5 19. axb5 axb5 20. Be2 Qb6 21. Kh1 Bf5 22. Bxg4 Bxg4 23. Nf2 Bd7 24. Rae1 Rbc8 25. Qb1 b4 26. Nd1 Bb5 27. Rf3 Qa6 28. Nf2 Bd4 29. Ng4 Bd3 30. Qd1 Bg7 31. Nh6+ Bxh6 32. Bxh6 Nxe4 33. Nxe4 Rxe4 34. Rxe4 Bxe4 35. Rf2 Qc4 36. f5 Bxf5 37. h3 Re8 38. Qd2 Qe4 39. Kh2 b3 40. Rf3 Qc4 41. Rxf5 1-0

[Event "CZE-chT2B 1617"]
[Site "Czech Republic"]
[Date "2016.10.30"]
[Round "2.5"]
[White "Ta, Van Duy"]
[Black "Chaloupka, Vladimir"]
[Result "1/2-1/2"]
[WhiteElo "2089"]
[BlackElo "2069"]
[PlyCount "126"]
[EventDate "2016.10.09"]
[EventType "team-tourn"]
[EventRounds "11"]
[EventCountry "CZE"]
[SourceTitle "EXT 2022"]
[Source "ChessBase"]
[SourceDate "2021.10.06"]
[SourceVersion "1"]
[SourceVersionDate "2021.10.06"]
[SourceQuality "1"]
[WhiteTeam "Teplice"]
[BlackTeam "Litomerice"]
[WhiteTeamCountry "CZE"]
[BlackTeamCountry "CZE"]

1. e4 e5 2. Nf3 Nc6 3. Bb5 a6 4. Ba4 d6 5. c3 Bd7 6. 0-0 g6 7. d4 Bg7 8. Re1 Nge7 9. Bg5 b6 10. Na3 h6 11. Be3 0-0 12. Bb3 Qc8 13. Qd2 Kh7 14. Bc2 Bg4 15. Bd1 f5 16. dxe5 dxe5 17. Qc2 f4 18. Bc1 g5 19. Qe2 Kh8 20. h3 Bh5 21. Qf1 Qe8 22. Nc4 Bf7 23. b3 Bf6 24. Nh2 Bg7 25. Nf3 b5 26. Ncd2 Be6 27. Ba3 Qg6 28. Nh2 Rad8 29. Qe2 Rd7 30. Ndf1 Bf7 31. Bc5 Na5 32. f3 Qc6 33. Bb4 Nb7 34. Rc1 a5 35. Ba3 Rfd8 36. Kh1 Qb6 37. Bc2 b4 38. cxb4 axb4 39. Bb2 c5 40. Red1 Nc6 41. Rxd7 Rxd7 42. Rd1 Nd4 43. Bxd4 cxd4 44. Bd3 Rc7 45. Bc4 Be8 46. Nd2 Nd6 47. Ng4 Ra7 48. Ra1 h5 49. Nf2 Qb8 50. Nd3 Bd7 51. Qe1 Bf6 52. Kg1 g4 53. hxg4 hxg4 54. fxg4 Bxg4 55. Nxe5 Bh5 56. Nef3 Re7 57. Rc1 Bxf3 58. gxf3 Rh7 59. Qf2 Nxc4 60. Rxc4 Qg8+ 61. Kf1 d3 62. Qg2 Qd8 63. Qg4 Rg7 1/2-1/2

[Event "CZE-chT2B 1516"]
[Site "Czech Republic"]
[Date "2016.02.21"]
[Round "8.3"]
[White "Sochor, Jiri"]
[Black "Chaloupka, Vladimir"]
[Result "1-0"]
[WhiteElo "2200"]
[BlackElo "2085"]
[PlyCount "85"]
[EventDate "2015.10.18"]
[EventType "team-tourn"]
[EventRounds "11"]
[EventCountry "CZE"]
[SourceTitle "EXT 2022"]
[Source "ChessBase"]
[SourceDate "2021.10.06"]
[SourceVersion "1"]
[SourceVersionDate "2021.10.06"]
[SourceQuality "1"]
[WhiteTeam "Decin"]
[BlackTeam "Litomerice"]
[WhiteTeamCountry "CZE"]
[BlackTeamCountry "CZE"]

1. e4 c6 2. d3 d5 3. Nd2 e5 4. Ngf3 Bg4 5. h3 Bxf3 6. Qxf3 Nf6 7. g4 d4 8. Qg3 Qc7 9. Nc4 Bb4+ 10. Kd1 Nfd7 11. a3 Be7 12. Bd2 c5 13. f4 f6 14. a4 Nc6 15. h4 b6 16. Bh3 0-0-0 17. g5 Kb7 18. Be6 exf4 19. Bxf4 Nde5 20. Bd5 Bd6 21. Nxd6+ Qxd6 22. gxf6 gxf6 23. Qg7+ Qd7 24. Rg1 Qxg7 25. Rxg7+ Rd7 26. Rxd7+ Nxd7 27. Ke2 Nde5 28. Bxe5 fxe5 29. Rf1 Rc8 30. Rf6 a6 31. Kf3 b5 32. a5 c4 33. b4 h5 34. Re6 cxd3 35. cxd3 Rc7 36. Kg3 Rg7+ 37. Kf3 Rc7 38. Ke2 Rg7 39. Rxc6 Ka7 40. Re6 Rg2+ 41. Kf3 Rd2 42. Rxe5 Rxd3+ 43. Ke2 1-0

[Event "CZE-chT2B 1516"]
[Site "Czech Republic"]
[Date "2016.01.24"]
[Round "6.3"]
[White "Toman, Ondrej"]
[Black "Chaloupka, Vladimir"]
[Result "1-0"]
[WhiteElo "2198"]
[BlackElo "2085"]
[PlyCount "35"]
[EventDate "2015.10.18"]
[EventType "team-tourn"]
[EventRounds "11"]
[EventCountry "CZE"]
[SourceTitle "EXT 2022"]
[Source "ChessBase"]
[SourceDate "2021.10.06"]
[SourceVersion "1"]
[SourceVersionDate "2021.10.06"]
[SourceQuality "1"]
[WhiteTeam "Teplice"]
[BlackTeam "Litomerice"]
[WhiteTeamCountry "CZE"]
[BlackTeamCountry "CZE"]

1. e4 c6 2. d4 d5 3. e5 Bf5 4. h4 h6 5. c4 c5 6. Nf3 Nc6 7. cxd5 Nb4 8. Bb5+ Bd7 9. e6 Bxb5 10. exf7+ Kd7 11. Ne5+ Kc8 12. fxg8Q Rxg8 13. Nc3 Qb6 14. a3 Na6 15. Qg4+ Kd8 16. Nxb5 Qxb5 17. Qe6 cxd4 18. Nf7+ 1-0

[Event "CZE-chT2B 1415"]
[Site "Czech Republic"]
[Date "2015.04.19"]
[Round "11.5"]
[White "Friml, Antonin"]
[Black "Chaloupka, Vladimir"]
[Result "1/2-1/2"]
[WhiteElo "2068"]
[BlackElo "2074"]
[PlyCount "31"]
[EventDate "2014.11.02"]
[EventType "team-tourn"]
[EventRounds "11"]
[EventCountry "CZE"]
[SourceTitle "EXT 2022"]
[Source "ChessBase"]
[SourceDate "2021.10.06"]
[SourceVersion "1"]
[SourceVersionDate "2021.10.06"]
[SourceQuality "1"]
[WhiteTeam "Most Chess"]
[BlackTeam "Litomerice"]
[WhiteTeamCountry "CZE"]
[BlackTeamCountry "CZE"]

1. e4 c6 2. d4 d5 3. Nd2 dxe4 4. Nxe4 Bf5 5. Ng3 Bg6 6. Nf3 Nd7 7. Bd3 Bxd3 8. Qxd3 Ngf6 9. 0-0 e6 10. Bd2 Bd6 11. Rad1 0-0 12. Rfe1 Qc7 13. c3 Rad8 14. Ne4 Nxe4 15. Rxe4 Nf6 16. Ree1 1/2-1/2

[Event "CZE-chT2B 1415"]
[Site "Czech Republic"]
[Date "2014.11.30"]
[Round "3.7"]
[White "Kubin, Vladimir"]
[Black "Chaloupka, Vladimir"]
[Result "0-1"]
[WhiteElo "2036"]
[BlackElo "2074"]
[PlyCount "76"]
[EventDate "2014.11.02"]
[EventType "team-tourn"]
[EventRounds "11"]
[EventCountry "CZE"]
[SourceTitle "EXT 2022"]
[Source "ChessBase"]
[SourceDate "2021.10.06"]
[SourceVersion "1"]
[SourceVersionDate "2021.10.06"]
[SourceQuality "1"]
[WhiteTeam "Mlada Boleslav"]
[BlackTeam "Litomerice"]
[WhiteTeamCountry "CZE"]
[BlackTeamCountry "CZE"]

1. d4 d5 2. c4 c6 3. cxd5 cxd5 4. Bf4 Nc6 5. e3 e6 6. Nc3 Nf6 7. Bd3 Be7 8. Nf3 0-0 9. 0-0 Nh5 10. Be5 Nxe5 11. dxe5 g6 12. e4 Nf4 13. Qd2 dxe4 14. Qxf4 exf3 15. Qxf3 Qa5 16. Qg3 b6 17. h4 Qb4 18. h5 Kg7 19. Ne4 Rd8 20. Rad1 Rd4 21. a3 Qxb2 22. Ng5 Bb7 23. hxg6 h6 24. Nf3 Bxf3 25. Qxf3 Rf8 26. Qg3 Bh4 27. Qh3 fxg6 28. g3 Rf3 29. Qxe6 Rfxd3 30. Rxd3 Rxd3 31. gxh4 Rf3 32. Qg4 Qe2 33. h5 g5 34. Qd7+ Rf7 35. Qe6 Qxh5 36. Rc1 Qf3 37. Rf1 h5 38. Kh2 g4 0-1

[Event "CZE-chT2B 1415"]
[Site "Czech Republic"]
[Date "2014.11.02"]
[Round "1.7"]
[White "Hadraba, Vladimir"]
[Black "Chaloupka, Vladimir"]
[Result "1-0"]
[WhiteElo "2194"]
[BlackElo "2074"]
[PlyCount "97"]
[EventDate "2014.11.02"]
[EventType "team-tourn"]
[EventRounds "11"]
[EventCountry "CZE"]
[SourceTitle "EXT 2022"]
[Source "ChessBase"]
[SourceDate "2021.10.06"]
[SourceVersion "1"]
[SourceVersionDate "2021.10.06"]
[SourceQuality "1"]
[WhiteTeam "Teplice"]
[BlackTeam "Litomerice"]
[WhiteTeamCountry "CZE"]
[BlackTeamCountry "CZE"]

1. e4 e5 2. Nf3 Nc6 3. Bb5 a6 4. Ba4 Nf6 5. 0-0 Nxe4 6. d4 b5 7. Bb3 d5 8. dxe5 Be6 9. c3 Bc5 10. Qe2 0-0 11. Be3 Qe7 12. h3 Rad8 13. Nbd2 Bxe3 14. Qxe3 Nxd2 15. Qxd2 Qc5 16. Rad1 Ne7 17. Nd4 Qb6 18. Qg5 Rd7 19. Bc2 c5 20. Nf3 h6 21. Qe3 Bf5 22. Bxf5 Nxf5 23. Qd3 g6 24. Rfe1 Re8 25. g4 Ng7 26. Qe3 Kh7 27. b4 Ne6 28. Re2 Rc8 29. Red2 Qc6 30. Kh2 Kg7 31. Kg3 a5 32. a3 Rcd8 33. bxc5 Qxc5 34. Nd4 Ng5 35. f3 Kh7 36. Rb2 Rc8 37. Rxb5 Qxa3 38. Ne2 Qa2 39. Rd2 Qa1 40. h4 Qe1+ 41. Kg2 Qxh4 42. Nf4 Rdc7 43. Rd3 d4 44. Qxd4 Qe1 45. Re3 Qa1 46. Nd5 Ne6 47. Qd2 Rd8 48. Rd3 Kg7 49. Nxc7 1-0

[Event "CZE-chT2B 1314"]
[Site "Czech Republic"]
[Date "2013.12.15"]
[Round "4.3"]
[White "Chaloupka, Vladimir"]
[Black "Cerny, Martin"]
[Result "0-1"]
[WhiteElo "2065"]
[BlackElo "2200"]
[PlyCount "80"]
[EventDate "2013.11.03"]
[EventType "team-tourn"]
[EventRounds "11"]
[EventCountry "CZE"]
[SourceTitle "EXT 2015"]
[Source "ChessBase"]
[SourceDate "2014.11.20"]
[SourceVersion "1"]
[SourceVersionDate "2014.11.20"]
[SourceQuality "1"]
[WhiteTeam "Litomerice"]
[BlackTeam "Novoborsky III"]
[WhiteTeamCountry "CZE"]
[BlackTeamCountry "CZE"]

1. e4 c5 2. Nf3 e6 3. d4 cxd4 4. Nxd4 Nc6 5. Be2 Qc7 6. 0-0 a6 7. c4 Nf6 8. Nxc6 dxc6 9. Qc2 Bc5 10. Bd2 0-0 11. Bc3 e5 12. b4 Bd4 13. a4 Bxc3 14. Nxc3 a5 15. b5 Nd7 16. Rab1 Nc5 17. Qd2 Ne6 18. Qe3 Rd8 19. g3 Qe7 20. Rfd1 Rd4 21. Bd3 Nc5 22. Ne2 Bg4 23. f3 Rxd3 24. Rxd3 Nxd3 25. Qxd3 Be6 26. Kg2 h6 27. Qc3 f6 28. c5 Qd7 29. Kf2 Kh7 30. Ke3 cxb5 31. Rxb5 Qd1 32. Rxb7 Qxa4 33. c6 Rc8 34. c7 Bc4 35. Ra7 Qb5 36. Rxa5 Qb6+ 37. Kd2 Rxc7 38. Qa3 Bxe2 39. Kxe2 Rc2+ 40. Kd3 Rxh2 0-1